Brave Rajputs / (Record no. 196991)

MARC details
000 -LEADER
fixed length control field 00764nam a22002177a 4500
005 - DATE AND TIME OF LATEST TRANSACTION
control field 20230810160022.0
010 ## - LCCN (DPL NO)
LC control number B-755560 CHEN 25.5.23
020 ## - INTERNATIONAL STANDARD BOOK NUMBER
International Standard Book Number 9788184822175
Terms of availability 399.00
035 ## - SYSTEM CONTROL NUMBER
System control number B-755560
037 ## - SOURCE OF ACQUISITION
Source of stock number/acquisition Aakar
082 ## - DEWEY DECIMAL CLASSIFICATION NUMBER
Classification number S
245 ## - TITLE STATEMENT
Title Brave Rajputs /
Statement of responsibility, etc edited by Anant Pai
260 ## - PUBLICATION, DISTRIBUTION, ETC. (IMPRINT)
Name of publisher, distributor, etc Amar Chitra Katha
Date of publication, distribution, etc 2019(repr.)
Place of publication, distribution, etc Mumbai
270 ## - ADDRESS
Address AFL House,7th Floor, Lok Bharati Complex, Marol Maroshi Road, Andheri (East), Mumbai
City Mumbai
Postal code 400059
300 ## - PHYSICAL DESCRIPTION
Extent various pages
Dimensions 24cm(Hb)
Other physical details col. ill.
500 ## - GENERAL NOTE
General note 5-In-1
505 ## - FORMATTED CONTENTS NOTE
Formatted contents note Prithviraj Chauhan, Rana Khumbha, Rana Sanga,Rana Pratap, Rani Durgavati
700 ## - ADDED ENTRY--PERSONAL NAME
Personal name Pai,Anant
942 ## - ADDED ENTRY ELEMENTS (KOHA)
Item type Children Books
Classification part S
Source of classification or shelving scheme Dewey Decimal Classification
Call number suffix BRA
Holdings
Withdrawn status Lost status Not for loan Collection code Home library Current library Date acquired Source of acquisition Cost, normal purchase price Full call number Barcode Copy number Cost, replacement price Koha item type
      Fiction Central Library Central Library 10/08/2023 Gift/10.8.23 399.00 S BRA B-755560 1 399.00 Children Books

© Delhi Public Library
Hit Counter
free hit counter